<?xml version="1.0" encoding="UTF-8"?>
<record
    xmlns:xsi="http://www.w3.org/2001/XMLSchema-instance"
    xsi:schemaLocation="http://www.loc.gov/MARC21/slim http://www.loc.gov/standards/marcxml/schema/MARC21slim.xsd"
    xmlns="http://www.loc.gov/MARC21/slim">

  <leader>00920nam a2200265Ia 4500</leader>
  <controlfield tag="008">100315s9999    xx            000 0 und d</controlfield>
  <datafield tag="020" ind1=" " ind2=" ">
    <subfield code="a">033 93342 7&#xA0;</subfield>
  </datafield>
  <datafield tag="040" ind1=" " ind2=" ">
    <subfield code="c">ENGLISH&#xA0;</subfield>
  </datafield>
  <datafield tag="082" ind1=" " ind2=" ">
    <subfield code="b">6449&#xA0;</subfield>
    <subfield code="a">658.71&#xA0;</subfield>
  </datafield>
  <datafield tag="100" ind1=" " ind2=" ">
    <subfield code="a">"Raghuram, G., Rangaraj, N "</subfield>
  </datafield>
  <datafield tag="245" ind1=" " ind2=" ">
    <subfield code="a">Logistics Supply Chain Management : Cases &amp; Concepts</subfield>
  </datafield>
  <datafield tag="260" ind1=" " ind2=" ">
    <subfield code="a">New Delhi&#xA0;</subfield>
    <subfield code="b">MacMillan &#xA0;</subfield>
    <subfield code="c">2006&#xA0;</subfield>
  </datafield>
  <datafield tag="300" ind1=" " ind2=" ">
    <subfield code="a">423 pg&#xA0; </subfield>
  </datafield>
  <datafield tag="365" ind1=" " ind2=" ">
    <subfield code="e">Rupees&#xA0;</subfield>
    <subfield code="d">1&#xA0;</subfield>
    <subfield code="b">268.20&#xA0;</subfield>
  </datafield>
  <datafield tag="366" ind1=" " ind2=" ">
    <subfield code="f">10&#xA0;</subfield>
  </datafield>
  <datafield tag="505" ind1=" " ind2=" ">
    <subfield code="g">Vinayak Gonjare&#xA0;</subfield>
  </datafield>
  <datafield tag="520" ind1=" " ind2=" ">
    <subfield code="a">Include References Bibliography &amp; Index&#xA0;</subfield>
  </datafield>
  <datafield tag="530" ind1=" " ind2=" ">
    <subfield code="b">BG-(Shubham Books) 1097/19-11-2007&#xA0;</subfield>
    <subfield code="a">1097/19-11-2007&#xA0;</subfield>
  </datafield>
  <datafield tag="536" ind1=" " ind2=" ">
    <subfield code="a">01/04/2007-31/03/2008&#xA0;</subfield>
  </datafield>
  <datafield tag="620" ind1=" " ind2=" ">
    <subfield code="a">"Logistics, Supply Chain Management&#xA0;"</subfield>
  </datafield>
  <datafield tag="630" ind1=" " ind2=" ">
    <subfield code="a">Logistics Supply Chain Management : Cases &amp; Concepts</subfield>
  </datafield>
  <datafield tag="650" ind1=" " ind2=" ">
    <subfield code="a">Logistics Supply Chain Management&#xA0;</subfield>
  </datafield>
  <datafield tag="730" ind1=" " ind2=" ">
    <subfield code="a">Logistics Supply Chain Management : Cases &amp; Concepts</subfield>
  </datafield>
  <datafield tag="942" ind1=" " ind2=" ">
    <subfield code="c">BOOK</subfield>
  </datafield>
  <datafield tag="999" ind1=" " ind2=" ">
    <subfield code="c">481184</subfield>
    <subfield code="d">481181</subfield>
  </datafield>
  <datafield tag="952" ind1=" " ind2=" ">
    <subfield code="0">0</subfield>
    <subfield code="1">0</subfield>
    <subfield code="4">0</subfield>
    <subfield code="7">0</subfield>
    <subfield code="a">VPMBRIMS</subfield>
    <subfield code="b">VPMBRIMS</subfield>
    <subfield code="d">2007-11-15</subfield>
    <subfield code="g">298.00</subfield>
    <subfield code="l">0</subfield>
    <subfield code="o">658.71&#xA0;/RAG/RAN&#xA0; 6449&#xA0;</subfield>
    <subfield code="p">VPMBRIMS-6449&#xA0;</subfield>
    <subfield code="r">2010-03-19 00:00:00</subfield>
    <subfield code="w">2010-03-19</subfield>
    <subfield code="y">BOOK</subfield>
  </datafield>
</record>
